000 00452cam a22001934a 4500
005 20250605164306.0
008 250528s ||||||||||||||||||||||||d
035 _a22284
020 _a9781526458834
040 _aGR-AtMCL
_bgre
_dGR-AtMCL
_eAACR2
245 1 _aLITTLE QUICK FIX
250 _a1
260 _bSage Publications,
_c2018
300 _a104
700 1 _aMac Innes John
_98154
942 _cBK
999 _c7340
_d7340